Catálogo

ANTOLOGIA DE LA ECONOMIA POLITICA (Registro nro. 11498)

Detalles MARC
000 -LEADER
fixed length control field 00456nam a2200169 a 4500
001 - CONTROL NUMBER
control field 11498
005 - DATE AND TIME OF LATEST TRANSACTION
control field 20180713195655.0
008 - FIXED-LENGTH DATA ELEMENTS--GENERAL INFORMATION
fixed length control field 140415s1985 000 0 spa d
041 ## - LANGUAGE CODE
Language code of text/sound track or separate title spa
082 ## - DEWEY DECIMAL CLASSIFICATION NUMBER
Classification number 335.412
Item number MAR
100 1# - MAIN ENTRY--PERSONAL NAME
Personal name MARX
245 10 - TITLE STATEMENT
Title ANTOLOGIA DE LA ECONOMIA POLITICA
260 ## - PUBLICATION, DISTRIBUTION, ETC.
Place of publication, distribution, etc. [s.l.] :
Name of publisher, distributor, etc. EDICIONES DE CULTURA POPULAR,
Date of publication, distribution, etc. 1985
300 ## - PHYSICAL DESCRIPTION
Extent 226
490 ## - SERIES STATEMENT
Series statement BIBLIOTECA MARK ENGELS
Volume/sequential designation 13
650 14 - SUBJECT ADDED ENTRY--TOPICAL TERM
Topical term or geographic name entry element POLITICA ECONOMICA
Existencias
Withdrawn status Lost status Source of classification or shelving scheme Damaged status Not for loan Collection code Home library Current library Shelving location Date acquired Source of acquisition Inventory number Total Checkouts Full call number Barcode Date last seen Date last checked out Price effective from Koha item type
    Dewey Decimal Classification     General Biblioteca Karol Wojtyla Biblioteca Karol Wojtyla Sala general 03/12/2013 Compra 151000000000000000052420   335.412 MAR 27033 05/01/2026 22/02/2016 03/12/2013 Libro
  Extraviado Dewey Decimal Classification       Biblioteca Karol Wojtyla Biblioteca Karol Wojtyla   03/12/2013 Compra     335.412 MAR 27034     03/12/2013 Libro